000 02161cam a2200589 4500
001 21222
003 VRT
005 20260224161809.0
008 251016s2025 xo g h 000 faslo
015 _aSNBA2026/02
020 _a9788022217606
_q(viazané)
039 9 _a202602060834
_bmsnk191
_c202511260909
_dmsvkbb08
_c202511251218
_dmsvkbb08
_c202511251217
_dmsvkbb08
040 _aSAVUK
_bslo
_cSAVUK
_dSNK
_erda
041 1 _aslo
_heng
044 _axo
_cSK
072 7 _a821.111(73)-3
_xAmerická próza
_2konspekt
072 7 _a929
_xBiografie
_2konspekt
080 _a364.63-027.553
_22011
080 _a364.63-053.2
_22001
080 _a(0:82-311.4)
_22011
080 _a821.111(73)-31
_22011
080 _a(0:82-322.6)
_22011
100 1 _aFranke, Shari
_4aut
240 1 4 _aThe house of my mother
_lSlovensky
245 1 0 _aDom mojej matky
_bdcérin boj za slobodu
_cShari Franke ; z anglického originálu The house of my mother ... preložla Barbora Vinczeová
250 _aVydanie I.
264 1 _aBratislava
_bTatran
_c2025
300 _a253 strán
_c24 cm
336 _atext
_btxt
_2rdacontent
337 _abez média
_bn
_2rdamedia
338 _azväzok
_bnc
_2rdacarrier
500 _aObsahuje profesijné údaje o autorke na záložke prebalu publikácie
650 0 7 _adomáce násilie
_2SNKPH
650 0 7 _atýrané deti
_2SNKPH
650 0 7 _aFamily violence
_2SNKPHeng
650 0 7 _aAbused children
_2SNKPHeng
655 7 _asociálne romány
_2SNKPH
655 7 _aautobiografické príbehy
_2SNKPH
655 7 _aAmerican novels
_2SNKPHeng
655 7 _aSocial novels
_2SNKPHeng
655 7 _aamerické romány
_2SNKPH
655 7 _aAutobiographical stories
_2SNKPHeng
700 1 _aVinczeová, Barbora,
_d1992-
_4trl
700 1 _aZentko, Peter
_4bkd
_4bjd
942 _2ddc
_cKLDO
_n0
949 _617A1582528
_asnkSC 212584
_bsnk2025/18937
_o1885/2025
949 _6270001000671244
_asvkbbB 68479
_bsvkbbm 817614
949 _6273K0699969
_asvkpoB 121500
_bsvkpo689026
949 _6270001000671925
_asvkbbB 68479-a
_bsvkbbm 818325
949 _62889405341
_asavukS 168995
_bsavuk2025/1647
999 _c21222
_d21222